Ejercicios perceptivo-motores de orientación espacial

Saved in:
Bibliographic Details
Main Author: Torre Alcalá, Antonio de la (Author)
Format: Book
Language:Spanish
Published: Madrid CEPE 1978
Series:Colección cuadernos de recuperación, 11-12
Subjects:
Tags: Add Tag
No Tags, Be the first to tag this record!

MARC

LEADER 00000nam a2200000 a 4500
001 UCY8994
003 CL-VaPUC
008 950707e19780000SP |||||||||||||||||spa|d
082 0 4 |a 152.3  |b TOR  |2 21 
100 0 |a Torre Alcalá, Antonio de la  |e author  |9 340939 
245 1 0 |a Ejercicios perceptivo-motores de orientación espacial 
300 |a v 
942 |c BK 
945 |d 19950707 00:00:00  |a cmena 
260 |a Madrid  |b CEPE  |c 1978 
650 7 |a EDUCACION PSICOMOTRIZ  |2 CL-VaPUC  |9 307559 
650 7 |a PSICOMOTRICIDAD  |2 CL-VaPUC  |9 241072 
650 0 |a Niños de edad preescolar  |9 335607 
650 0 |a Educación preescolar  |9 260381 
650 0 |a Apresto escolar   |9 310245 
650 0 |a Métodos de enseñanza  |9 270413 
583 |a last modification  |c 19950707 00:00:00  |k Rodrigo Vera 
490 0 |a Colección cuadernos de recuperación, 11-12 
999 |c 236170  |d 236168 
952 |0 0  |1 0  |4 0  |6 152_300000000000000_TOR_1978  |7 0  |8 P  |9 244059  |a BIBEDU  |b BIBEDU  |c BIBEDU_PB  |d 2019-11-18  |h v.1  |i 1529781  |o 152.3 TOR 1978  |p 1529781  |r 2024-01-25  |w 2019-11-18  |y BK  |k EDU 
952 |0 0  |1 0  |4 0  |6 152_300000000000000_TOR_1978  |7 0  |8 P  |9 244060  |a BIBEDU  |b BIBEDU  |c BIBEDU_PB  |d 2019-11-18  |h v.2  |i 152979K  |o 152.3 TOR 1978  |p 152979K  |r 2024-01-25  |w 2019-11-18  |y BK  |k EDU